000
00316nam a22001337a 4500
008
171227b xxu||||| |||| 00| 0 eng d
020
_a
9780205157662
041
_a
eng
080
_2
2ND
_a
316 YEG
100
_a
50
101
_a
SOC
245
_a
RESAEARCH METHODS FOR SOCIAL WORKERS
_c
YEGIDIS,B.L
942
_2
udc
_c
BK
999
_c
39485
_d
39485